[Event "4th G. Agzamov Mem"]
[Site "Tashkent UZB"]
[Date "2010.03.24"]
[Round "2"]
[White "Temirov, B."]
[Black "Filippov, An UZB"]
[Result "1/2-1/2"]
[WhiteElo "2258"]
[BlackElo "2598"]
[PlyCount "71"]
[EventDate "2010.03.23"]
[EventType "swiss"]
[EventRounds "9"]
[EventCountry "UZB"]
[Source "Mark Crowther"]
[SourceDate "2010.03.29"]

1. d4 Nf6 2. c4 e6 3. Nc3 Bb4 4. Qc2 O-O 5. e3 b6 6. Bd3 c5 7. a3 Bxc3+ 8. Qxc3
Bb7 9. Nf3 d6 10. O-O Nbd7 11. b3 b5 12. cxb5 Bxf3 13. gxf3 Nd5 14. Qb2 Qh4 15.
dxc5 Nxc5 16. Bc4 Qh3 17. Be2 f5 18. Kh1 Rf6 19. Rg1 Nd3 20. Rg3 Qxg3 21. hxg3
Nxb2 22. Bxb2 Rff8 23. Bc4 Nc7 24. a4 Rfb8 25. Rc1 Rb7 26. Ba3 Rd8 27. Rd1 d5
28. e4 Kf7 29. exf5 exf5 30. Kg2 h5 31. f4 g6 32. Bb2 Rbb8 33. Be2 Ne6 34. Bf3
Rd7 35. Rxd5 Rxd5 36. Bxd5 1/2-1/2

[Event "4th G. Agzamov Mem"]
[Site "Tashkent UZB"]
[Date "2010.03.24"]
[Round "2"]
[White "Golod, V."]
[Black "Nakhbayeva, G."]
[Result "1-0"]
[WhiteElo "2590"]
[BlackElo "2245"]
[PlyCount "79"]
[EventDate "2010.03.23"]
[EventType "swiss"]
[EventRounds "9"]
[EventCountry "UZB"]
[Source "Mark Crowther"]
[SourceDate "2010.03.29"]

1. d4 Nf6 2. c4 e6 3. Nf3 b6 4. a3 c5 5. d5 Ba6 6. Qc2 exd5 7. cxd5 g6 8. Nc3
Bg7 9. g3 O-O 10. Bg2 d6 11. O-O Re8 12. Bf4 Qe7 13. Rfe1 Nbd7 14. e4 Ng4 15.
Bg5 Qf8 16. Qa4 Nb8 17. Bf4 Ne5 18. Nxe5 dxe5 19. Be3 Rd8 20. b4 cxb4 21. axb4
Bb7 22. Nb5 Na6 23. d6 Bh6 24. Bxh6 Qxh6 25. Red1 Qf8 26. Nc7 Nxc7 27. dxc7 Rd4
28. Rxd4 exd4 29. Qd7 Qc8 30. Qd6 d3 31. Rd1 a5 32. b5 a4 33. Rxd3 a3 34. Qe7
a2 35. Rd8+ Kg7 36. Qf8+ Kf6 37. Rd6+ Kg5 38. h4+ Kg4 39. Qh6 a1=Q+ 40. Kh2 1-0

[Event "4th G. Agzamov Mem"]
[Site "Tashkent UZB"]
[Date "2010.03.24"]
[Round "2"]
[White "Kozganbayev, E."]
[Black "Kotsur, P."]
[Result "0-1"]
[WhiteElo "2218"]
[BlackElo "2565"]
[PlyCount "42"]
[EventDate "2010.03.23"]
[EventType "swiss"]
[EventRounds "9"]
[EventCountry "UZB"]
[Source "Mark Crowther"]
[SourceDate "2010.03.29"]

1. e4 c5 2. Nf3 e6 3. d4 cxd4 4. Nxd4 Nc6 5. Nb5 d6 6. c4 a6 7. N5c3 Nf6 8. Be2
Be7 9. O-O O-O 10. Be3 Qc7 11. Na3 b6 12. Rc1 Nb8 13. Qb3 Nbd7 14. Rfd1 Bb7 15.
f3 Rac8 16. Rd2 Rfe8 17. Qd1 d5 18. cxd5 exd5 19. Nxd5 Qxc1 20. Nxe7+ Rxe7 21.
Rxd7 Qxe3+ 0-1

[Event "4th G. Agzamov Mem"]
[Site "Tashkent UZB"]
[Date "2010.03.24"]
[Round "2"]
[White "Tseshkovsky, V."]
[Black "Khoroshev, N."]
[Result "1-0"]
[WhiteElo "2549"]
[BlackElo "2225"]
[PlyCount "71"]
[EventDate "2010.03.23"]
[EventType "swiss"]
[EventRounds "9"]
[EventCountry "UZB"]
[Source "Mark Crowther"]
[SourceDate "2010.03.29"]

1. e4 e5 2. Nf3 Nc6 3. d4 exd4 4. Nxd4 Nf6 5. Nxc6 bxc6 6. e5 Qe7 7. Qe2 Nd5 8.
c4 Ba6 9. b3 Qh4 10. a3 Bc5 11. g3 Qe7 12. Bb2 Nb6 13. Nd2 Qe6 14. Ne4 Be7 15.
h4 O-O-O 16. Bh3 Qg6 17. h5 Qh6 18. Qf3 c5 19. a4 Kb8 20. Bg2 Bb7 21. Qxf7 Nc8
22. Bc1 Qb6 23. O-O Rdf8 24. Qxg7 Rfg8 25. Qh6 Qxb3 26. a5 Qc2 27. Qf4 Rf8 28.
Qe3 Rf5 29. Bd2 Qxc4 30. Rab1 Nb6 31. axb6 axb6 32. Bc3 Rg8 33. Rfd1 Qa4 34.
Qd3 Qa2 35. Rd2 Qf7 36. Nf6 1-0

[Event "4th G. Agzamov Mem"]
[Site "Tashkent UZB"]
[Date "2010.03.24"]
[Round "2"]
[White "Jumabayev, R."]
[Black "Eminov, A."]
[Result "1-0"]
[WhiteElo "2542"]
[BlackElo "2218"]
[PlyCount "83"]
[EventDate "2010.03.23"]
[EventType "swiss"]
[EventRounds "9"]
[EventCountry "UZB"]
[Source "Mark Crowther"]
[SourceDate "2010.03.29"]

1. d4 d5 2. c4 c6 3. Nc3 Nf6 4. Nf3 a6 5. a4 e6 6. g3 Bd6 7. Bg2 Nbd7 8. O-O
O-O 9. Nd2 Re8 10. e4 dxe4 11. Ndxe4 Be7 12. Be3 Nxe4 13. Nxe4 Nf6 14. Nc3 Qa5
15. Re1 Bb4 16. Qb3 Bd7 17. Re2 b5 18. c5 Bxc3 19. bxc3 Nd5 20. Bd2 Qc7 21.
Ree1 Rad8 22. c4 bxc4 23. Qxc4 a5 24. Rab1 Ra8 25. Rb3 Bc8 26. Bxd5 Ba6 27. Qc3
cxd5 28. Rb6 Bc4 29. Bf4 Qc8 30. c6 e5 31. Bxe5 f6 32. Bf4 Qh3 33. c7 Rac8 34.
Rb8 Kf7 35. Qxa5 g5 36. Bd6 Kg6 37. Qd2 Qd7 38. Rxc8 Rxe1+ 39. Qxe1 Qxc8 40. f3
Qd7 41. Qb1+ Kg7 42. Qb7 1-0

[Event "4th G. Agzamov Mem"]
[Site "Tashkent UZB"]
[Date "2010.03.24"]
[Round "2"]
[White "Ismagambetov, An"]
[Black "Alikulov, Elbek"]
[Result "1-0"]
[WhiteElo "2508"]
[BlackElo "2208"]
[PlyCount "71"]
[EventDate "2010.03.23"]
[EventType "swiss"]
[EventRounds "9"]
[EventCountry "UZB"]
[Source "Mark Crowther"]
[SourceDate "2010.03.29"]

1. e4 c5 2. Nf3 d6 3. d4 cxd4 4. Qxd4 Nc6 5. Bb5 Bd7 6. Bxc6 Bxc6 7. Nc3 e6 8.
Bg5 Nf6 9. O-O-O Be7 10. Qd3 Qa5 11. h4 Rc8 12. Nd4 a6 13. f3 h6 14. Bd2 Nd7
15. Kb1 Qc7 16. g4 Ne5 17. Qf1 Bd7 18. g5 Qb6 19. Nb3 Nc4 20. Qd3 a5 21. a4 Qb4
22. f4 Bxa4 23. Nxa4 Qxa4 24. Bc3 e5 25. f5 b6 26. Qf3 hxg5 27. hxg5 Rxh1 28.
Rxh1 Qc6 29. f6 gxf6 30. Rh8+ Bf8 31. g6 Kd7 32. Qf5+ Ke7 33. g7 a4 34. g8=Q
axb3 35. Qg3 Ra8 36. cxb3 1-0

[Event "4th G. Agzamov Mem"]
[Site "Tashkent UZB"]
[Date "2010.03.24"]
[Round "2"]
[White "Igambergenov, A."]
[Black "Yurtaev, L."]
[Result "1/2-1/2"]
[WhiteElo "2199"]
[BlackElo "2469"]
[PlyCount "117"]
[EventDate "2010.03.23"]
[EventType "swiss"]
[EventRounds "9"]
[EventCountry "UZB"]
[Source "Mark Crowther"]
[SourceDate "2010.03.29"]

1. d4 g6 2. c4 Bg7 3. Nc3 d6 4. e4 Nf6 5. h3 e5 6. d5 Nbd7 7. Bd3 Nc5 8. Bc2 a5
9. Bg5 h6 10. Be3 c6 11. Nge2 cxd5 12. exd5 O-O 13. Qd2 Kh7 14. g4 Bd7 15. Ng3
Rc8 16. Rc1 e4 17. b3 Re8 18. Kf1 Qe7 19. Kg2 Qf8 20. a4 Ng8 21. Ncxe4 Nxe4 22.
Bxe4 f5 23. gxf5 gxf5 24. Bb1 Ne7 25. Bd4 Ng6 26. Bxg7 Nh4+ 27. Kf1 Qxg7 28.
Qf4 Qg5 29. Qxg5 hxg5 30. Re1 Kg6 31. Re3 Kf6 32. Ke2 Ng2 33. Rxe8 Rxe8+ 34.
Kd2 Rh8 35. Bd3 Nf4 36. Bf1 Ke5 37. Ke3 Rh4 38. f3 b6 39. Kd2 Kd4 40. Rg1 Kc5
41. Ne2 Nxh3 42. Bxh3 Rxh3 43. Rxg5 Rxf3 44. Rg7 Be8 45. Rc7+ Kb4 46. Nd4 Rf4
47. Kd3 Rg4 48. Rb7 Rg3+ 49. Kd2 f4 50. Nf5 Rg2+ 51. Ke1 Kxb3 52. Nxd6 Bxa4 53.
c5 Kb4 54. c6 Kc5 55. c7 Bd7 56. c8=Q+ Bxc8 57. Nxc8 Kxd5 58. Rxb6 a4 59. Ra6
1/2-1/2

[Event "4th G. Agzamov Mem"]
[Site "Tashkent UZB"]
[Date "2010.03.24"]
[Round "2"]
[White "Ohunov, B."]
[Black "Djuraev, S."]
[Result "1-0"]
[WhiteElo "2150"]
[BlackElo "2411"]
[PlyCount "107"]
[EventDate "2010.03.23"]
[EventType "swiss"]
[EventRounds "9"]
[EventCountry "UZB"]
[Source "Mark Crowther"]
[SourceDate "2010.03.29"]

1. e4 e6 2. Qe2 c5 3. g3 d5 4. exd5 Qxd5 5. Nf3 Nc6 6. Nc3 Qd7 7. d3 Nd4 8. Qd1
b6 9. Bg2 Bb7 10. O-O Nf6 11. Bf4 Nxf3+ 12. Bxf3 Be7 13. Kg2 O-O 14. Bxb7 Qxb7+
15. Qf3 Qd7 16. Rad1 b5 17. d4 cxd4 18. Be5 Rfd8 19. Rxd4 Qe8 20. Rfd1 Rxd4 21.
Rxd4 b4 22. Ne4 Nxe4 23. Qxe4 Rc8 24. Rc4 f5 25. Qd4 Rxc4 26. Qxc4 Kf7 27. Qc7
Qa8+ 28. Kg1 Qf3 29. h4 Qd1+ 30. Kh2 Qf3 31. Qxa7 Kg6 32. Qd4 Bf6 33. Kg1 Qe2
34. Bxf6 gxf6 35. Qxb4 Qxc2 36. a4 Qd1+ 37. Kh2 Qc2 38. Kg1 Qc1+ 39. Kg2 Qc6+
40. Kh2 Qc2 41. Qb6 e5 42. a5 f4 43. gxf4 exf4 44. a6 Qe2 45. a7 Qf3 46. Qc5 f5
47. b4 h6 48. b5 Kh5 49. Qxf5+ Kxh4 50. Qf6+ Kh5 51. Qf7+ Kh4 52. Qe7+ Kg4 53.
Qd7+ Kg5 54. Qd8+ 1-0

[Event "4th G. Agzamov Mem"]
[Site "Tashkent UZB"]
[Date "2010.03.24"]
[Round "2"]
[White "Ziatdinov, R."]
[Black "Rysbaeva, N."]
[Result "0-1"]
[WhiteElo "2410"]
[BlackElo "2065"]
[PlyCount "80"]
[EventDate "2010.03.23"]
[EventType "swiss"]
[EventRounds "9"]
[EventCountry "UZB"]
[Source "Mark Crowther"]
[SourceDate "2010.03.29"]

1. e4 c5 2. Nf3 d6 3. d4 cxd4 4. Nxd4 Nf6 5. Nc3 Nc6 6. Bg5 e6 7. Qd2 Qb6 8.
Bxf6 gxf6 9. Nb3 a6 10. Be2 Bd7 11. Bh5 Ne5 12. O-O-O Rc8 13. Rhe1 Nc4 14. Qf4
Bg7 15. Rd3 a5 16. Rg3 Rg8 17. Be2 a4 18. Bxc4 Rxc4 19. Nd5 exd5 20. exd5+ Kf8
21. Qxc4 axb3 22. Rxb3 Qxf2 23. Rf1 Bh6+ 24. Kb1 Qxg2 25. Rxb7 Bh3 26. Re1 Bd2
27. Rb8+ Kg7 28. Rxg8+ Kxg8 29. Re8+ Kg7 30. a4 Qf1+ 31. Qxf1 Bxf1 32. Ra8 Bc4
33. a5 f5 34. a6 f4 35. a7 Bxd5 36. Re8 f3 37. c4 Bc6 38. Rc8 Be4+ 39. Ka2 f2
40. Re8 Bf3 0-1

[Event "4th G. Agzamov Mem"]
[Site "Tashkent UZB"]
[Date "2010.03.24"]
[Round "2"]
[White "Ibrayev, N."]
[Black "Lestari, B."]
[Result "1-0"]
[WhiteElo "2405"]
[BlackElo "2170"]
[PlyCount "119"]
[EventDate "2010.03.23"]
[EventType "swiss"]
[EventRounds "9"]
[EventCountry "UZB"]
[Source "Mark Crowther"]
[SourceDate "2010.03.29"]

1. Nf3 Nf6 2. c4 e6 3. Nc3 d5 4. d4 c6 5. Qd3 Nbd7 6. e4 dxe4 7. Nxe4 Nxe4 8.
Qxe4 Bb4+ 9. Bd2 Nf6 10. Qh4 Qb6 11. O-O-O Bxd2+ 12. Rxd2 Qa5 13. Qg5 Qxg5 14.
Nxg5 O-O 15. g3 h6 16. Nf3 b6 17. Bg2 Bb7 18. Ne5 Rac8 19. c5 Rfd8 20. Nc4 Nd5
21. Rhd1 Ba6 22. Nd6 Rc7 23. a3 Ne7 24. Rc2 Nc8 25. Nxc8 Rdxc8 26. Kd2 b5 27.
Kc3 Rd8 28. Rcd2 Bb7 29. b4 Rcd7 30. h4 Kf8 31. f4 Ke7 32. a4 a6 33. Ra1 Rg8
34. Re2 Kf6 35. g4 Rgd8 36. axb5 axb5 37. Rd2 g6 38. Ra7 g5 39. fxg5+ hxg5 40.
Rf2+ Kg7 41. h5 Rf8 42. Be4 Ra8 43. Rxa8 Bxa8 44. Ra2 Bb7 45. Ra7 Bc8 46. Ra8
Rc7 47. Bf3 Kh6 48. Kd3 f5 49. Ke3 Kg7 50. Rb8 Kf6 51. Rb6 Bb7 52. gxf5 Kxf5
53. Be4+ Kf6 54. h6 Kf7 55. Kf3 Kf6 56. h7 Kg7 57. Kg4 Bc8 58. Kxg5 Bd7 59. Kf4
Rc8 60. Rb7 1-0

[Event "4th G. Agzamov Mem"]
[Site "Tashkent UZB"]
[Date "2010.03.25"]
[Round "3"]
[White "Pak, Y."]
[Black "Turov, M."]
[Result "0-1"]
[WhiteElo "2333"]
[BlackElo "2609"]
[PlyCount "84"]
[EventDate "2010.03.23"]
[EventType "swiss"]
[EventRounds "9"]
[EventCountry "UZB"]
[Source "Mark Crowther"]
[SourceDate "2010.03.29"]

1. d4 Nf6 2. c4 c5 3. d5 b5 4. cxb5 a6 5. bxa6 g6 6. Nc3 Bxa6 7. e4 Bxf1 8.
Kxf1 d6 9. g3 Bg7 10. Kg2 O-O 11. Nf3 Nbd7 12. h3 Ra6 13. Re1 Qa8 14. Bg5 h6
15. Bf4 g5 16. Bd2 e6 17. dxe6 fxe6 18. Qb3 d5 19. exd5 exd5 20. Re7 Rb6 21.
Qc2 d4 22. Ne2 Qd5 23. Neg1 d3 24. Qc1 Ne4 25. Rb1 Rbf6 26. Be3 Rxf3 27. Nxf3
Nxf2 28. Bf4 gxf4 29. g4 Ne5 30. Rxe5 Bxe5 31. Kxf2 Bd4+ 32. Nxd4 Qxd4+ 33. Kf1
Re8 34. b3 Qe3 35. Qxe3 fxe3 36. Ke1 Kf7 37. Rd1 Rd8 38. a4 Kf6 39. a5 Ke5 40.
a6 Ke4 41. a7 e2 42. Ra1 Ke3 0-1

[Event "4th G. Agzamov Mem"]
[Site "Tashkent UZB"]
[Date "2010.03.25"]
[Round "3"]
[White "Ibrayev, N."]
[Black "Saduakassova, D."]
[Result "1/2-1/2"]
[WhiteElo "2405"]
[BlackElo "2094"]
[PlyCount "44"]
[EventDate "2010.03.23"]
[EventType "swiss"]
[EventRounds "9"]
[EventCountry "UZB"]
[Source "Mark Crowther"]
[SourceDate "2010.03.29"]

1. d4 Nf6 2. c4 e6 3. Nc3 d5 4. cxd5 exd5 5. Bg5 Nbd7 6. e3 Be7 7. Bd3 O-O 8.
Qc2 h6 9. Bf4 c6 10. h3 Re8 11. Nf3 Nf8 12. O-O Bd6 13. Ne5 Bb8 14. b4 N8d7 15.
Nxd7 Bxd7 16. Bxb8 Qxb8 17. Rab1 Qd6 18. Rfc1 Rec8 19. Ne2 Re8 20. Nc3 Rec8 21.
Ne2 Re8 22. Nc3 Rec8 1/2-1/2

[Event "4th G. Agzamov Mem"]
[Site "Tashkent UZB"]
[Date "2010.03.25"]
[Round "3"]
[White "Megaranto, S."]
[Black "Kasyan, A."]
[Result "1-0"]
[WhiteElo "2534"]
[BlackElo "2296"]
[PlyCount "75"]
[EventDate "2010.03.23"]
[EventType "swiss"]
[EventRounds "9"]
[EventCountry "UZB"]
[Source "Mark Crowther"]
[SourceDate "2010.03.29"]

1. e4 e5 2. Nf3 Nc6 3. Bb5 a6 4. Ba4 Nf6 5. O-O Be7 6. Re1 b5 7. Bb3 d6 8. c3
O-O 9. h3 Na5 10. Bc2 c5 11. d3 Re8 12. Nbd2 Bf8 13. Nf1 g6 14. Ng3 Bg7 15. Be3
Qc7 16. Qd2 d5 17. Bh6 d4 18. cxd4 cxd4 19. Rac1 Bxh6 20. Qxh6 Qd6 21. Rf1 Bd7
22. Ng5 Rac8 23. f4 exf4 24. Ne2 Qf8 25. Qxf8+ Rxf8 26. Rxf4 Nh5 27. Rff1 Nc6
28. Bb3 Ne5 29. Rcd1 Rcd8 30. Nxd4 Bxh3 31. Ndf3 Nxf3+ 32. Rxf3 Bg4 33. Nxf7
Bxf3 34. Nxd8+ Kh8 35. gxf3 Rxd8 36. Kf2 Nf4 37. d4 Kg7 38. e5 1-0

[Event "4th G. Agzamov Mem"]
[Site "Tashkent UZB"]
[Date "2010.03.25"]
[Round "3"]
[White "Yurtaev, L."]
[Black "Temirov, B."]
[Result "1-0"]
[WhiteElo "2469"]
[BlackElo "2258"]
[PlyCount "80"]
[EventDate "2010.03.23"]
[EventType "swiss"]
[EventRounds "9"]
[EventCountry "UZB"]
[Source "Mark Crowther"]
[SourceDate "2010.03.29"]

1. d4 Nf6 2. c4 c5 3. d5 b5 4. Nf3 g6 5. cxb5 a6 6. b6 d6 7. Nc3 Nbd7 8. e4 Bg7
9. Be2 O-O 10. O-O Qxb6 11. Qc2 Rb8 12. Nd2 Qd8 13. Rd1 Ne8 14. Nc4 Ne5 15. Ne3
Nc7 16. a4 a5 17. f4 Nd7 18. Nc4 Na6 19. Be3 Nb4 20. Qd2 Re8 21. Rac1 Ba6 22.
Kh1 Nb6 23. b3 Bxc4 24. bxc4 Qd7 25. h3 Red8 26. Ra1 Bxc3 27. Qxc3 Nxa4 28. Qc1
Ra8 29. e5 Nb6 30. e6 Qe8 31. exf7+ Qxf7 32. Bg4 N6xd5 33. cxd5 Nxd5 34. Bd2 h5
35. Bf3 e6 36. Ra4 Ra7 37. Be1 Rf8 38. Bg3 Ne7 39. Be4 Rd7 40. Rxa5 d5 1-0

[Event "4th G. Agzamov Mem"]
[Site "Tashkent UZB"]
[Date "2010.03.25"]
[Round "3"]
[White "Mchedlishvili, M."]
[Black "Karimov, I."]
[Result "1-0"]
[WhiteElo "2634"]
[BlackElo "2340"]
[PlyCount "91"]
[EventDate "2010.03.23"]
[EventType "swiss"]
[EventRounds "9"]
[EventCountry "UZB"]
[Source "Mark Crowther"]
[SourceDate "2010.03.29"]

1. d4 c5 2. d5 e5 3. e4 d6 4. g3 Nf6 5. Bg2 g6 6. c4 Bg7 7. Nc3 O-O 8. Nf3 a6
9. a4 Nbd7 10. O-O Ne8 11. Ne1 f5 12. Nd3 Ndf6 13. f3 a5 14. exf5 gxf5 15. Bg5
b6 16. Qe2 Ra7 17. g4 Raf7 18. f4 e4 19. Ne5 dxe5 20. fxe5 Qc7 21. d6 Qb8 22.
gxf5 Nd7 23. e6 Rxf5 24. Rxf5 Rxf5 25. Qg4 Qxd6 26. Qxf5 Ndf6 27. Nxe4 Qxe6 28.
Qxe6+ Bxe6 29. Nxf6+ Bxf6 30. Bxf6 Nxf6 31. b3 Kf7 32. Re1 Bf5 33. Bd5+ Kg6 34.
Re7 Bc2 35. Bc6 Bxb3 36. Bb5 Kf5 37. Rb7 Ke5 38. Rxb6 Ne4 39. Ra6 Kd4 40. Rxa5
Bxc4 41. Bxc4 Kxc4 42. Ra7 Kb4 43. a5 c4 44. a6 c3 45. Rb7+ Kc4 46. Rb1 1-0

[Event "4th G. Agzamov Mem"]
[Site "Tashkent UZB"]
[Date "2010.03.25"]
[Round "3"]
[White "Rysbaeva, N."]
[Black "Iuldachev, S."]
[Result "1-0"]
[WhiteElo "2065"]
[BlackElo "2511"]
[PlyCount "64"]
[EventDate "2010.03.23"]
[EventType "swiss"]
[EventRounds "9"]
[EventCountry "UZB"]
[Source "Mark Crowther"]
[SourceDate "2010.03.29"]

1. e4 e5 2. Nf3 Nc6 3. Bb5 Bc5 4. O-O Qf6 5. d3 h6 6. Be3 Bb6 7. Nbd2 Nge7 8.
c3 O-O 9. Qe2 d6 10. Rad1 Ng6 11. Bxc6 bxc6 12. d4 a5 13. dxe5 dxe5 14. c4 Nf4
15. Bxf4 Qxf4 16. Nb3 Bg4 17. c5 a4 18. Nbd2 Bxc5 19. Rc1 Bb4 20. Nc4 Rfe8 21.
Qe3 Qf6 22. Ne1 Rad8 23. Nd3 Bf8 24. Rc3 Bc8 25. Qa7 Rd4 26. Ncxe5 c5 27. Qxc7
Rxe4 28. Nc4 Ba6 29. Ne3 Rd4 30. Rd1 Red8 31. Qg3 Bxd3 32. Ng4 Qg6 1-0

[Event "4th G. Agzamov Mem"]
[Site "Tashkent UZB"]
[Date "2010.03.25"]
[Round "3"]
[White "Zhigalko, S."]
[Black "Aripov, I."]
[Result "1-0"]
[WhiteElo "2648"]
[BlackElo "2078"]
[PlyCount "81"]
[EventDate "2010.03.23"]
[EventType "swiss"]
[EventRounds "9"]
[EventCountry "UZB"]
[Source "Mark Crowther"]
[SourceDate "2010.03.29"]

1. e4 c5 2. Nf3 d6 3. d4 cxd4 4. Qxd4 Nc6 5. Bb5 Bd7 6. Bxc6 Bxc6 7. Nc3 Nf6 8.
Bg5 e6 9. O-O-O Be7 10. Qd3 Qa5 11. h4 O-O 12. Nd4 Rfc8 13. f3 Be8 14. g4 b5
15. Kb1 b4 16. Nce2 Rab8 17. Rhg1 Ba4 18. Rg2 Rb6 19. Nc1 Bd8 20. Rgd2 Ra6 21.
Ndb3 Bxb3 22. Qxb3 d5 23. Bxf6 Bxf6 24. exd5 h6 25. d6 Rc3 26. bxc3 bxc3 27.
Rd4 Rb6 28. d7 Rxb3+ 29. axb3 Bd8 30. Na2 Kf8 31. h5 Ke7 32. R4d3 Qe5 33. Nxc3
Ba5 34. Ne4 Bd8 35. Nd6 a5 36. Nb7 a4 37. Nxd8 Kxd8 38. bxa4 Qf4 39. Rc3 Qb4+
40. Rb3 Qf4 41. a5 1-0

[Event "4th G. Agzamov Mem"]
[Site "Tashkent UZB"]
[Date "2010.03.25"]
[Round "3"]
[White "Filippov, An UZB"]
[Black "Muminova, N."]
[Result "1-0"]
[WhiteElo "2598"]
[BlackElo "2338"]
[PlyCount "67"]
[EventDate "2010.03.23"]
[EventType "swiss"]
[EventRounds "9"]
[EventCountry "UZB"]
[Source "Mark Crowther"]
[SourceDate "2010.03.29"]

1. d4 e6 2. c4 Nf6 3. Nc3 d5 4. Bg5 Nbd7 5. cxd5 exd5 6. e3 Bb4 7. Nf3 c5 8.
Be2 Qa5 9. O-O Bxc3 10. bxc3 c4 11. Nd2 O-O 12. Qc2 Re8 13. a4 Ne4 14. Nxe4
dxe4 15. Bf4 Nb6 16. Bc7 Qa6 17. Qa2 Be6 18. Bxb6 axb6 19. Rfb1 Rec8 20. Rb4 b5
21. Rxb5 Qxb5 22. axb5 Rxa2 23. Rxa2 f5 24. f3 Kf7 25. Kf2 Bd5 26. h4 Ke7 27.
Kg3 Kd6 28. Kf4 g6 29. Kg5 Re8 30. f4 Ke6 31. Kh6 Kf7 32. b6 Rc8 33. Ra5 Be6
34. d5 1-0

[Event "4th G. Agzamov Mem"]
[Site "Tashkent UZB"]
[Date "2010.03.25"]
[Round "3"]
[White "Vakhidov, T."]
[Black "Akkozov, B."]
[Result "1/2-1/2"]
[WhiteElo "2516"]
[BlackElo "2269"]
[PlyCount "79"]
[EventDate "2010.03.23"]
[EventType "swiss"]
[EventRounds "9"]
[EventCountry "UZB"]
[Source "Mark Crowther"]
[SourceDate "2010.03.29"]

1. c4 Nf6 2. Nc3 d5 3. d4 g6 4. Nf3 Bg7 5. Bf4 c6 6. e3 a6 7. Qb3 b6 8. Rc1 O-O
9. cxd5 cxd5 10. Bd3 Nbd7 11. O-O Bb7 12. h3 Rc8 13. Ne5 Nh5 14. Nxd7 Nxf4 15.
exf4 Qxd7 16. Qxb6 Rc6 17. Qb4 Rfc8 18. Ne2 a5 19. Qxa5 Rxc1 20. Rxc1 Rxc1+ 21.
Nxc1 Bxd4 22. Nb3 Bxb2 23. Nc5 Qc6 24. Qd8+ Kg7 25. Nd7 Qc1+ 26. Bf1 Kh6 27.
Qf8+ Bg7 28. Qxe7 Qxf4 29. Nc5 Bc8 30. Nd3 Qg5 31. Qxf7 Bxh3 32. Nf4 Qf5 33.
Qxf5 Bxf5 34. Nxd5 Be6 35. Bc4 Bxd5 36. Bxd5 Kg5 37. Kf1 Bd4 38. Ke2 Kf4 39. a4
Bb6 40. Bg8 1/2-1/2

[Event "4th G. Agzamov Mem"]
[Site "Tashkent UZB"]
[Date "2010.03.25"]
[Round "3"]
[White "Faizulaev, A."]
[Black "Tseshkovsky, V."]
[Result "0-1"]
[WhiteElo "2303"]
[BlackElo "2549"]
[PlyCount "69"]
[EventDate "2010.03.23"]
[EventType "swiss"]
[EventRounds "9"]
[EventCountry "UZB"]
[Source "Mark Crowther"]
[SourceDate "2010.03.29"]

1. e4 g6 2. d4 Bg7 3. Nc3 d6 4. Nf3 Nf6 5. Be2 O-O 6. O-O c6 7. a4 a5 8. h3 Na6
9. Re1 Nb4 10. Bc4 d5 11. Bb3 dxe4 12. Nxe4 Nbd5 13. Ng3 b6 14. Ne5 Bb7 15. Ne2
Nd7 16. Nxd7 Qxd7 17. c3 e6 18. Nf4 c5 19. Nxd5 Bxd5 20. Bxd5 exd5 21. Be3 c4
22. Bf4 Rfe8 23. Qf3 b5 24. axb5 Qxb5 25. Re2 Rxe2 26. Qxe2 a4 27. Bd6 Qd7 28.
Bb4 Ra6 29. Qf3 h5 30. Re1 Re6 31. Rxe6 Qxe6 32. Kf1 Bh6 33. Ba3 f5 34. Qe2 Qe4
35. Qd1 0-1

[Event "4th G. Agzamov Mem"]
[Site "Tashkent UZB"]
[Date "2010.03.25"]
[Round "3"]
[White "Kotsur, P."]
[Black "Ohunov, B."]
[Result "1-0"]
[WhiteElo "2565"]
[BlackElo "2150"]
[PlyCount "125"]
[EventDate "2010.03.23"]
[EventType "swiss"]
[EventRounds "9"]
[EventCountry "UZB"]
[Source "Mark Crowther"]
[SourceDate "2010.03.29"]

1. d4 d5 2. Nf3 Nf6 3. c4 c6 4. Qc2 g6 5. cxd5 cxd5 6. Bf4 Nc6 7. e3 Bg7 8. Nc3
O-O 9. Be2 Bf5 10. Qb3 Na5 11. Qb4 Ne4 12. Nxe4 Bxe4 13. O-O Rc8 14. Rac1 Rc6
15. Rxc6 bxc6 16. Rc1 Bxf3 17. gxf3 e5 18. Bxe5 Bxe5 19. dxe5 Nc4 20. Bxc4 Qg5+
21. Kf1 dxc4 22. Qc5 Rd8 23. b4 cxb3 24. axb3 Qf5 25. Qe7 Rd7 26. Qe8+ Kg7 27.
e6 Qxe6 28. Qxe6 fxe6 29. Rxc6 Kf6 30. Ra6 Rb7 31. Ra3 Ke5 32. Ke2 Rd7 33. Ra5+
Kf6 34. Rb5 h6 35. f4 a6 36. Ra5 Rb7 37. Ra3 Rb6 38. Kf3 Rd6 39. Ke4 Rd2 40.
Kf3 Rd6 41. h3 Kf7 42. Ke2 Kf6 43. e4 Rb6 44. Kd3 Rd6+ 45. Ke3 Rb6 46. f3 Rc6
47. b4 Rb6 48. Ra4 Rc6 49. h4 Rb6 50. Kf2 Rc6 51. Kg3 Rb6 52. Kg4 Rc6 53. h5
Rb6 54. Ra3 g5 55. fxg5+ hxg5 56. e5+ Kxe5 57. Kxg5 Rxb4 58. h6 Rb1 59. Ra5+
Kd4 60. h7 Rb8 61. Rxa6 e5 62. Kg6 Ke3 63. Rf6 1-0

[Event "4th G. Agzamov Mem"]
[Site "Tashkent UZB"]
[Date "2010.03.25"]
[Round "3"]
[White "Li, Geo"]
[Black "Ismagambetov, An"]
[Result "0-1"]
[WhiteElo "2110"]
[BlackElo "2508"]
[PlyCount "114"]
[EventDate "2010.03.23"]
[EventType "swiss"]
[EventRounds "9"]
[EventCountry "UZB"]
[Source "Mark Crowther"]
[SourceDate "2010.03.29"]

1. c4 c5 2. Nc3 Nc6 3. Nf3 g6 4. d4 cxd4 5. Nxd4 Bg7 6. Nxc6 bxc6 7. e4 d6 8.
Be2 Nf6 9. O-O O-O 10. Bg5 Rb8 11. b3 Re8 12. h3 Qa5 13. Bd2 Qc7 14. Rc1 Bb7
15. Bf3 Nd7 16. g3 Nc5 17. Be3 Qa5 18. Qd2 Rbd8 19. Rfd1 Bc8 20. Bg2 Ne6 21.
Rc2 c5 22. Ne2 Qc7 23. Qd3 Bb7 24. Rcd2 Ra8 25. f4 Nd8 26. Kh2 Nc6 27. Qb1 Red8
28. h4 Rab8 29. Qc1 a5 30. Nc3 Ba6 31. Nd5 Qa7 32. Qa3 Bc8 33. e5 Bg4 34. Re1
Rbc8 35. Bf2 Be6 36. Nc3 Qb8 37. Bxc6 Rxc6 38. Qxa5 Rd7 39. Ne4 Ra7 40. Qc3
dxe5 41. Red1 Rc8 42. Bxc5 Rac7 43. Qe3 Bg4 44. Re1 f5 45. Bb6 exf4 46. gxf4
fxe4 47. c5 Bf3 48. b4 Rc6 49. Red1 Bxd1 50. Rxd1 Rf6 51. Rd7 Bh6 52. Qxe4 Rxf4
53. Qd5+ Rf7+ 54. Kh3 Qf4 55. c6 Qf1+ 56. Kg4 Qf5+ 57. Qxf5 gxf5+ 0-1

[Event "4th G. Agzamov Mem"]
[Site "Tashkent UZB"]
[Date "2010.03.25"]
[Round "3"]
[White "Egin, V."]
[Black "Igambergenov, A."]
[Result "1-0"]
[WhiteElo "2410"]
[BlackElo "2199"]
[PlyCount "93"]
[EventDate "2010.03.23"]
[EventType "swiss"]
[EventRounds "9"]
[EventCountry "UZB"]
[Source "Mark Crowther"]
[SourceDate "2010.03.29"]

1. e4 e5 2. Nf3 Nc6 3. Bc4 Be7 4. d4 d6 5. h3 Nf6 6. Nc3 O-O 7. O-O a6 8. Bb3
h6 9. Re1 Re8 10. Be3 exd4 11. Nxd4 Na5 12. Qd3 Nxb3 13. axb3 Bf8 14. Rad1 Bd7
15. Bf4 g6 16. Qd2 g5 17. Bh2 Bg7 18. Qd3 Nh7 19. Nd5 Nf8 20. Qf3 Ng6 21. Nf5
Bxf5 22. Qxf5 Re6 23. c3 c6 24. Ne3 Qe7 25. Nc2 Ne5 26. Bxe5 Rxe5 27. Qf3 Re8
28. Kf1 Bf8 29. Rd4 d5 30. Qd1 dxe4 31. Rd7 Qf6 32. Ne3 R5e7 33. Ng4 Qe6 34.
Rd6 Qf5 35. Nf6+ Kh8 36. Nxe8 Rxe8 37. Rd8 e3 38. Qd4+ Kg8 39. Rxe3 Rxe3 40.
Qxe3 Qb1+ 41. Qe1 Qxb2 42. b4 a5 43. g3 Kg7 44. Qe5+ f6 45. Rd7+ Kg6 46. Qe8+
Kf5 47. g4+ 1-0